Jake už to ví /

Hlavní autor: Applegate, Katherine, 1956-
Další autoři: Rohová, Zdeňka
Jazyk: Čeština
Vydáno: [Plzeň] : Nava, 2003
Vydání: Vyd. 1.
Edice: Making out
Témata:
Externí odkaz: Digitalizovaný dokument
Fyzický popis: 199 s. : mapa ; 21 cm
Knihy
Uloženo v:
LEADER 01463nam a2200409 a 4500
001 000672321
003 CZ BrMZK
005 20080430123846.0
007 ta
008 030602s2003 xr b c 000 f cze d
015 |a cnb001252489 
020 |a 80-7211-140-X  |q (váz.) 
035 |a (OCoLC)53260714 
040 |a BOA001  |b cze 
041 1 |a cze  |h eng 
072 7 |a 821-93  |x Literatura pro děti a mládež (beletrie)  |2 Konspekt  |9 26 
072 7 |a 821.111(73)-3  |x Americká próza  |2 Konspekt  |9 25 
080 |a 821-93  |2 MRF 
080 |a 821.111(73)-31  |2 MRF 
080 |a (0:82-312.5)  |2 MRF 
100 1 |a Applegate, Katherine,  |d 1956-  |7 jn20010310185  |4 aut 
245 1 0 |a Jake už to ví /  |c Katherine Applegate ; [překlad: Zdeňka Rohová] 
250 |a Vyd. 1. 
260 |a [Plzeň] :  |b Nava,  |c 2003 
300 |a 199 s. :  |b mapa ;  |c 21 cm 
490 1 |a Making out ;  |v 2 
500 |a Překlad z angličtiny 
655 7 |a americké romány  |7 fd131796  |2 czenas 
655 7 |a milostné romány  |7 fd132840  |2 czenas 
655 7 |a publikace pro mládež  |7 fd133157  |2 czenas 
700 1 |a Rohová, Zdeňka  |7 mzk2003183150  |4 trl 
765 0 |t Jake finds out  |9 Česky 
830 0 |a Making out 
856 4 1 |u http://www.digitalniknihovna.cz/mzk/uuid/uuid:e839ed10-37dc-11e3-a5bb-005056827e52  |y Digitalizovaný dokument  |x NDK 
910 |a BOA001  |b 2-1119.359 
990 |a BK 
996 6 |b 2610191380  |c 2-1119.359  |l MZK  |r Sklad / do 1 hodiny  |n 0  |p p.v.  |w 000672321  |u 000010  |a 1  |e BOA001  |j MZK50  |s P